000 00781nam a2200229 i 4500
001 101066
003 ES-MaACL
005 20250822042022.0
007 t|
008 051011s1962 sp ||||1| spa d
100 1 _aMauco, Georges.
_979180
245 1 0 _aEducación de la sensibilidad en el niño :
_bensayo sobre la evolución de la vida afectiva /
_cGeorges Mauco ; traducción por José Antonio Fontanilla.
250 _a2ª ed.
260 _aMadrid :
_bAguilar,
_c1962.
300 _aXVIII, 168 p. :
_bil. ;
_c22 cm.
490 1 _aPsicología y educación
650 4 _aEmociones en niños.
_9166232
700 1 _aFontanilla, José Antonio.
_951619
830 1 0 _aPsicología y educación
_9180908
852 4 _aES-MaACL
_jC-36063
999 _c101066
_d101066